000
00322nam a2200121Ia 4500
008
180117s9999 xx 000 0 und d
100
_a
by Cheshire Que
245
_a
Help the Youth Overcome Disordered eating
260
_c
2017
300
_a
10-12 pages, 2017 July 23
440
_a
Philippine Panorama
650
_a
EATING
999
_c
353366
_d
353366